000
00323nam a22001457a 4500
008
230414b ||||| |||| 00| 0 eng d
020
_a
9781285770857
041
_a
eng
080
_a
37
082
_a
37YAG
100
_a
23
101
_a
EDUKIM
245
_a
THE ESSSENTIALS OF WRITING
_c
YAGELSKI.P.R
942
_2
udc
_c
BK
999
_c
59548
_d
59548